000 00703nam a2200181Ia 4500
008 100921s9999 xx 000 0 und d
082 _b41662
_a550 न 05
100 _aसोनी वेदप्रकाश.
245 _aपर्यावरण सरंक्षण.
260 _bप्रयंक प्रकाशन,दिल्ली.
_c2005
300 _a136
_b---
365 _b200
520 _aविज्ञान-भौमिक शास्त्रे.
630 _aपर्यावरण सरंक्षण.
650 _aविज्ञान-भौमिक शास्त्रे.
730 _aपर्यावरण सरंक्षण.
942 _cBOOK
999 _c790775
_d790772